000 00765nam a2200253 a 4500
001 72457
003 BD-RjUL
005 20211209082249.0
008 170518s1963 nmua b 001 0 eng
035 _a(BD-RjUL)72675
040 _aDLC
_beng
_cDLC
_dBD-RjUL
041 _aeng
082 0 0 _a301
_223
_bKRA 1963
100 1 _aKroeber, A. L.
_9214294
245 0 0 _aAnthropology :
_bbiology and race /
_cA. L. Kroeber
260 _aSanta Fe :
_bSchool for Advanced Research Press,
_cc2013.
300 _axx, 198 p. :
_bill. ;
_c23 cm.
504 _aIncludes bibliographical references and index.
650 0 _aAnthropology
_9214295
650 0 _aHuman population genetics.
_9214296
650 0 _aRace.
_9214297
650 0 _aHuman genome.
_9214298
942 _2ddc
_cBK
999 _c72457
_d72457